Morphology and Infestation Pattern of Capsule Fly, Acanthiophilus Helianthi (Rossi) (Diptera : Tephritidae) on Corn Flower, Centaurea Cyanus Linnaeus (Record no. 49280)
[ view plain ]
| 000 -LEADER | |
|---|---|
| fixed length control field | 00598nam a22001937a 4500 |
| 003 - CONTROL NUMBER IDENTIFIER | |
| control field | OSt |
| 008 - FIXED-LENGTH DATA ELEMENTS--GENERAL INFORMATION | |
| fixed length control field | 251202b |||||||| |||| 00| 0 eng d |
| 082 ## - DEWEY DECIMAL CLASSIFICATION NUMBER | |
| Classification number | 595.77 |
| Item number | S15M |
| 100 ## - MAIN ENTRY--PERSONAL NAME | |
| Personal name | Sanjeet Kumar |
| 245 ## - TITLE STATEMENT | |
| Title | Morphology and Infestation Pattern of Capsule Fly, Acanthiophilus Helianthi (Rossi) (Diptera : Tephritidae) on Corn Flower, Centaurea Cyanus Linnaeus |
| 260 ## - PUBLICATION, DISTRIBUTION, ETC. (IMPRINT) | |
| Place of publication, distribution, etc | .- Pusa, Samastipur |
| Name of publisher, distributor, etc | : RAU |
| Date of publication, distribution, etc | , 2007 |
| 300 ## - PHYSICAL DESCRIPTION | |
| Extent | 46p. |
| 650 ## - SUBJECT ADDED ENTRY--TOPICAL TERM | |
| Topical term or geographic name as entry element | Entomology and Agricultural Zoology |
| 650 ## - SUBJECT ADDED ENTRY--TOPICAL TERM | |
| Topical term or geographic name as entry element | Corn Flower |
| 650 ## - SUBJECT ADDED ENTRY--TOPICAL TERM | |
| Topical term or geographic name as entry element | Capsule Fly |
| 650 ## - SUBJECT ADDED ENTRY--TOPICAL TERM | |
| Topical term or geographic name as entry element | Thesis |
| 650 ## - SUBJECT ADDED ENTRY--TOPICAL TERM | |
| Topical term or geographic name as entry element | M. Sc. |
| 942 ## - ADDED ENTRY ELEMENTS (KOHA) | |
| Source of classification or shelving scheme | |
| Koha item type | Thesis |
| Withdrawn status | Lost status | Source of classification or shelving scheme | Damaged status | Not for loan | Home library | Current library | Date acquired | Total Checkouts | Full call number | Barcode | Date last seen | Bill Date | Koha item type |
|---|---|---|---|---|---|---|---|---|---|---|---|---|---|
| Dr. Rajendra Prasad Central Agricultural University Pusa, | Dr. Rajendra Prasad Central Agricultural University Pusa, | 02/12/2025 | 595.77 S15M | 55522 | 02/12/2025 | 02/12/2025 | Thesis |